[Event "ISL-ch playoff"]
[Site "Reykjavik"]
[Date "1995.??.??"]
[Round "6"]
[White "Hjartarson, Johann"]
[Black "Stefansson, Hannes"]
[Result "1-0"]
[WhiteElo "2570"]
[BlackElo "2520"]
[Annotator "Hjartarson,J"]
[PlyCount "83"]
[EventDate "1995.??.??"]
[EventType "match"]
[EventRounds "6"]
[EventCountry "ISL"]
[SourceTitle "CBM 051"]
[Source "ChessBase"]
[SourceDate "1996.04.01"]
[SourceVersion "1"]
[SourceVersionDate "1996.04.01"]
[SourceQuality "1"]

1. Nf3 Nf6 2. c4 b6 3. g3 Bb7 4. Bg2 e6 5. O-O Be7 6. Nc3 O-O 7. Re1 Ne4 $5 8.
Nxe4 Bxe4 9. d3 Bb7 10. e4 c5 11. d4 d6 12. b3 (12. d5 $5 exd5 13. exd5 Bf6 14.
Qb3 Nd7 15. Bf4 Qc7 16. Re2 Rfe8 17. Rae1 Rxe2 18. Rxe2 $14 {Agdestein,
S-Stefansson,H/Reykjavik (Open) 1996}) 12... cxd4 13. Nxd4 Nc6 $6 (13... Nd7
14. Bb2 a6 15. Rc1 $14) 14. Nxc6 Bxc6 15. Bb2 $14 Re8 $6 (15... Rc8 16. Qg4
$140 (16. Qd2 $14) 16... Bf6 17. Bxf6 Qxf6 $10) 16. Qg4 Bf8 (16... Bf6 $2 17.
Bxf6 Qxf6 18. e5 $18) 17. h4 Qc7 18. h5 e5 19. Rad1 a6 20. Rd2 b5 21. cxb5 axb5
22. a3 Qb7 23. Red1 Bd7 24. Qf3 $16 Be6 25. h6 $2 (25. Kh2 $1 {/\26.Bh3}) 25...
gxh6 26. b4 Rac8 27. Qh5 f6 28. Qh4 Bb3 29. Re1 Qf7 30. Rd3 Rc2 $2 (30... Be6
31. Bh3 Rc4 $13) 31. Bc1 Qc4 $2 (31... Be6 32. Bxh6 $16) 32. Bf1 $1 Rc3 (32...
Rxc1 33. Rxc1 Qxc1 34. Rxb3 $16 {^-,b5}) 33. Rde3 Qc7 34. Bxb5 $18 Rb8 35. Bf1
Be6 36. Qxf6 Re8 37. Bb2 Rc2 38. R3e2 Bg4 39. Rxc2 Qxc2 40. Rc1 Qxe4 41. Rc4
Qf3 $2 (41... Qf5 42. Qxf5 Bxf5 43. Rc7 $18) 42. Rf4 $1 (42. Rf4 exf4 43. Bc4+
d5 44. Qh8+ Kf7 45. Qxh7+ Ke6 46. Qg6+ Kd7 (46... Ke7 47. Qf6+ Kd7 48. Bb5+ Kc8
49. Qc6+ Kb8 50. Qxe8+ $18) 47. Bb5+ Kd8 48. Qb6+ Kc8 (48... Ke7 49. Qf6#) 49.
Qc6+ $18) 1-0

[Event "ISL-ch playoff"]
[Site "Reykjavik"]
[Date "1995.??.??"]
[Round "4"]
[White "Hjartarson, Johann"]
[Black "Stefansson, Hannes"]
[Result "1/2-1/2"]
[WhiteElo "2570"]
[BlackElo "2520"]
[Annotator "Hjartarson,J"]
[PlyCount "53"]
[EventDate "1995.??.??"]
[EventType "match"]
[EventRounds "6"]
[EventCountry "ISL"]
[SourceTitle "CBM 051"]
[Source "ChessBase"]
[SourceDate "1996.04.01"]
[SourceVersion "1"]
[SourceVersionDate "1996.04.01"]
[SourceQuality "1"]

1. Nf3 Nf6 2. c4 b6 3. g3 Bb7 4. Bg2 e6 5. O-O Be7 6. Nc3 O-O 7. Re1 Ne4 $5 8.
Nxe4 Bxe4 9. d3 Bb7 10. d4 Be4 11. Bf4 $5 (11. d5 exd5 (11... Bf6 12. Nd2 Bxg2
13. Kxg2 d6 14. Ne4 Nd7 15. Qc2 Nc5 16. Nxc5 bxc5 17. dxe6 {1/2-1/2 Portisch,
L-Karpov,An/Milano 1975}) 12. cxd5 Bf6 13. Nd2 Bxg2 14. Kxg2 Re8 15. Rb1 (15.
Qc2 $5) 15... Na6 16. f3 (16. b4 c6 17. Qa4 Qc8) 16... c6 17. dxc6 (17. Nc4 $6
cxd5 18. Qxd5 Nb4) (17. Ne4 $6 Rxe4 18. fxe4 Qe7 19. Qd3 Nc5 20. Qf3 Nxe4 $15)
17... dxc6 18. Ne4 Be7 19. Qa4 Nb4 20. a3 b5 21. Qb3 Qd5 {1/2-1/2 Petrosian,
T-Portisch,L (11)/Palma de Mallorca cqf ;CAND 1974}) (11. Nh4 Bxg2 12. Nxg2 d6
13. e4 Nd7 14. d5 $6 (14. Ne3 $14) 14... Bf6 15. Nf4 Qe7 16. a4 a5 17. Nh5 Rfe8
{Vaganian-Dokhoian, Tilburg 1994}) 11... Bf6 12. Qd2 d6 13. Rad1 Nd7 14. Qe3 d5
$6 (14... Bb7 15. Qd3 g6 $10) 15. b4 $14 c6 16. Rc1 b5 $5 17. cxb5 cxb5 18. Bc7
Qe8 (18... Qe7 19. Rc6 $14) 19. Ne5 (19. Bd6 Be7 20. Bxe7 Qxe7 21. Rc7 $2 Bxf3
22. Bxf3 Qd6 23. Rec1 Nb6 $10) 19... Bxg2 20. Kxg2 Nb6 $1 (20... Nxe5 $2 21.
dxe5 Be7 22. Qd4 $32 $16) 21. Bxb6 axb6 22. Nc6 $2 (22. a3 $14) 22... Rc8 23.
Ne5 Qe7 24. Rxc8 Rxc8 25. Rc1 Rxc1 26. Qxc1 Qxb4 27. Qc8+ 1/2-1/2

[Event "Wch U20 56th"]
[Site "Tarvisio"]
[Date "2017.11.15"]
[Round "2"]
[White "Karthikeyan, Murali"]
[Black "Vrolijk, Liam"]
[Result "1-0"]
[WhiteElo "2578"]
[BlackElo "2425"]
[Annotator "Karthikeyan,M"]
[PlyCount "47"]
[EventDate "2017.11.13"]
[EventType "swiss"]
[EventRounds "11"]
[EventCountry "ITA"]
[SourceTitle "CBM 182"]
[Source "ChessBase"]
[SourceDate "2018.01.17"]
[SourceVersion "1"]
[SourceVersionDate "2018.01.17"]
[SourceQuality "1"]

1. Nf3 Nf6 2. c4 e6 3. Nc3 Bb4 4. Qc2 O-O 5. a3 Bxc3 6. Qxc3 d6 7. b4 (7. d4 {
transposes to Nimzo 4.Qc2 lines.}) 7... e5 8. Bb2 a5 $5 9. e3 (9. b5 Ne4 $15) (
9. g3 axb4 10. axb4 Rxa1+ 11. Bxa1 b5 12. cxb5 Nbd7 $11) (9. d3 axb4 10. axb4
Rxa1+ 11. Bxa1 b5 12. cxb5 Bd7 $15) (9. d4 exd4 10. Qxd4 axb4 11. axb4 Rxa1+
12. Bxa1 Na6 13. Qc3 c5 14. bxc5 Nxc5 $11) 9... axb4 10. axb4 Rxa1+ 11. Bxa1
Bg4 (11... b5 12. cxb5 $14 {as the b5-pawn is protected, Black's counterplay
is limited.}) 12. Be2 (12. h3 $5 Bxf3 13. gxf3 $132 {[%cal Gh1g1,Gf3f4] is
also a good option to play.}) 12... e4 13. Ng5 $6 (13. Nd4 Bxe2 14. Nxe2 Nbd7
15. O-O $14 {was simple.}) (13. h3 {is a nice variation to calculate} exf3 14.
hxg4 fxe2 15. g5 Ne8 16. Qd3 g6 (16... f5 17. Qd5+ Rf7 18. Rxh7 Kxh7 19. Qxf7
$36) 17. Qd4 f6 18. Qd5+ Kg7 19. gxf6+ Nxf6 20. g4 c6 (20... h6 21. f4) 21. Qe6
Qd7 22. Qxd7+ Nbxd7 23. g5 Kf7 24. gxf6 h5 25. Kxe2 $11) 13... Bxe2 14. Kxe2
Re8 $6 (14... d5 15. f3 h6 16. Nh3 $13) 15. f3 d5 $2 (15... exf3+ 16. gxf3 Nbd7
17. Rg1 $36) 16. cxd5 exf3+ 17. gxf3 Qxd5 18. Rg1 Nbd7 19. Ne4 (19. Qxc7 Qb5+
20. Kf2 (20. Ke1 Qxb4 21. Bxf6 Rxe3+ 22. Kf1 (22. Kf2 Qxd2+ 23. Kg3 Re8 $11)
22... Qb5+ 23. Kg2 Re8 24. Kh1 $18 {unexpectedly this variation also wins!}
gxf6 (24... Nxf6 25. Qxf7+ Kh8 26. Qxf6 $1 $18 {the key move}) 25. Ne6+ Kh8 26.
Qg3 {and mate}) 20... Qxb4 21. Bc3 Qh4+ 22. Ke2 Qh5 $14) 19... Qh5 $2 (19...
Rxe4 20. fxe4 Qh5+ 21. Kd3 Qxh2 22. Rf1 c6 23. Kc2 $16 {Black should start
pushing his pawns.}) 20. Nxf6+ Nxf6 21. Qxc7 (21. Qxf6 Qxh2+ 22. Kf1 Qxg1+ $19)
(21. Rxg7+ Kxg7 22. Qxf6+ Kf8 $11) 21... Qb5+ 22. Ke1 (22. Kf2 Qxb4 23. Bc3
Qh4+ 24. Qg3 Qxg3+ 25. Rxg3 Re6 26. Rg1 $16) 22... Qd3 (22... Qxb4 23. Bxf6
Rxe3+ 24. Kd1 (24. Kf2 Qxd2+ 25. Kg3 Rxf3+ 26. Kxf3 Qd3+ 27. Kf4 Qd2+ 28. Ke4
Qe2+ 29. Kd5 {also wins}) 24... Qb1+ (24... Qa4+ 25. Kc1 {[%cal Gf6a1]}) 25.
Qc1 $18) 23. Bxf6 Rxe3+ 24. Kd1 ({Of course not} 24. dxe3 Qxe3+ 25. Kf1 Qxf3+
$11) 1-0

[Event "Biel SKA"]
[Site "Biel"]
[Date "1996.07.23"]
[Round "2"]
[White "Miles, Anthony John"]
[Black "Romanishin, Oleg M"]
[Result "1/2-1/2"]
[WhiteElo "2630"]
[BlackElo "2555"]
[Annotator "King,D"]
[PlyCount "67"]
[EventDate "1996.07.22"]
[EventType "tourn"]
[EventRounds "11"]
[EventCountry "SUI"]
[EventCategory "16"]
[SourceTitle "CBM 055"]
[Source "ChessBase"]
[SourceDate "1996.12.01"]
[SourceVersion "1"]
[SourceVersionDate "1996.12.01"]
[SourceQuality "1"]

1. Nf3 Nf6 2. c4 e6 3. Nc3 Bb4 4. Qc2 c5 5. b3 Nc6 6. e3 O-O 7. Bb2 d6 8. Be2
e5 9. O-O Bg4 10. Rae1 Re8 11. Nd5 Nxd5 12. cxd5 e4 13. dxc6 exf3 14. Bxf3 Bxf3
15. gxf3 Qg5+ 16. Kh1 Qh5 17. Qd1 bxc6 18. Rg1 g6 19. Rg3 Qd5 20. Qa1 {A
logical move, seizing control of the long diagonal, though Romanishin manages
to equalise with a clever tactical resource.} Re6 21. Rd1 Ba5 22. d4 (22. Bh8
$5 f6 23. Bxf6 Rf8 24. Bh8 Re7 25. Kg2) 22... c4 23. e4 Qb5 24. d5 (24. bxc4
Qxc4 25. Kg2 d5 $1 {Would have left the queen and bishop bottled up in the
corner.}) 24... cxd5 25. Rxd5 Qxd5 26. exd5 Re1+ 27. Qxe1 Bxe1 28. bxc4 Bxf2
29. Rg2 Bc5 30. Re2 f5 31. Re7 Rb8 32. Bg7 Rb4 33. Bh6 Rxc4 34. Rg7+ 1/2-1/2

[Event "Dortmund SuperGM 23rd"]
[Site "Dortmund"]
[Date "1995.07.14"]
[Round "1"]
[White "Bareev, Evgeny"]
[Black "Karpov, Anatoly"]
[Result "0-1"]
[WhiteElo "2650"]
[BlackElo "2775"]
[Annotator "Konikowski,J"]
[PlyCount "98"]
[EventDate "1995.07.14"]
[EventType "tourn"]
[EventRounds "9"]
[EventCountry "GER"]
[EventCategory "17"]
[SourceTitle "CBM 048"]
[Source "ChessBase"]
[SourceDate "1995.10.01"]
[SourceVersion "1"]
[SourceVersionDate "1995.10.01"]
[SourceQuality "1"]

1. Nf3 {Ribli Ftacnik Von Gleich} Nf6 2. c4 e6 3. Nc3 Bb4 4. Qc2 O-O 5. a3 Bxc3
6. Qxc3 b6 7. g3 Bb7 8. Bg2 c5 9. b4 d6 10. O-O Nbd7 11. Bb2 Qc7 (11... Rc8 {
Von Gleich} 12. d3 d5 (12... Re8 {Ftacnik} 13. e4 $36 a6 14. Qb3 (14. Rab1 {
/\ Ba1}) 14... b5 $1 15. Nd2 Rb8 16. Rfc1 Ba8 17. Qd1 Qe7 18. cxb5 (18. Rab1 $5
cxb4 19. axb4 bxc4 20. dxc4 $14) 18... axb5 19. Nb3 (19. d4 $10) 19... e5 $1
$10 {Kasparov,G-Karpov,An/New York/Lyon (m/24)/1990/0.5 (36)}) (12... Rc7 $5
13. a4 (13. Qd2 d5 14. cxd5 Nxd5 15. Ne5 f6 16. Nc4 Nb8 17. bxc5 Rxc5 18. a4
Rf7 19. Ba3 Rc6 20. Rfc1 Rd7 21. Rab1 a5 22. e4 Nb4 23. Bxb4 Rxd3 24. Qe2 axb4
25. e5 $13 {Savon,V-Krasenkov,M/Odessa Kotov-mem/1989/0.5 (47)}) 13... d5 14.
cxd5 exd5 15. a5 d4 16. Qd2 Re8 17. axb6 axb6 18. bxc5 bxc5 19. Rfc1 Ne5 20.
Qa5 Bxf3 21. Bxf3 Nxf3+ 22. exf3 Rb7 23. Qxd8 Rxd8 24. Ba3 Nd7 $10 {Georgiev,
Ki-Lobron,E/Tilburg/1992/}) 13. b5 (13. e3 Rc7 14. Nd2 Qa8 15. cxd5 exd5 16.
Bh3 Rd8 17. Rfc1 Rc6 18. Qb3 a5 19. bxa5 Qxa5 20. Bc3 Qa6 21. Bf1 Re6 22. d4 c4
23. Qd1 Bc6 {Drasko,M-Arnason,J/Sochi/1988/0-1 (38)}) 13... Qc7 14. Rfe1 d4 15.
Qd2 Ra8 16. e3 dxe3 17. fxe3 a6 18. a4 axb5 19. axb5 h6 20. Qc3 Rxa1 21. Rxa1
Ra8 22. Rf1 Ra7 23. Bh3 Qb8 24. Nh4 {1-0 Kortchnoi,V-Lein,A/Chicago 33/20 1982
(41)}) (11... Qe7 {Von Gleich} 12. d3 Rfc8 13. e4 (13. Qd2 {Ftacnik} h6 14. e4
a6 15. a4 cxb4 16. Qxb4 Nc5 17. e5 Ne8 18. exd6 Qxd6 19. Rfd1 a5 20. Qe1 Nd7
21. Qe2 Qc7 22. Rdc1 Nd6 23. Ne5 Bxg2 24. Kxg2 Nf5 {Yuferov,S-Nikolenko,O/
Moscow op2/1989/0.5 (42)}) 13... Qf8 14. Rfe1 a6 15. Nd2 Rab8 16. d4 cxd4 17.
Qxd4 b5 18. Rac1 Bc6 19. h3 Nb6 20. Qe3 Nfd7 21. Bf1 bxc4 22. Nxc4 Nxc4 23.
Rxc4 Bb5 24. Rxc8 Rxc8 25. Bxb5 axb5 26. Qd3 {Lobron,E-Adams,M/Brussels SWIFT
25' (K:2) 1992/1-0 (55)}) 12. d3 Rfc8 {Karpov will am Damenfluegel spielen.}
13. Rac1 (13. Rfc1 {Von Gleich} e5 (13... a6 $5 {Ribli}) 14. Bh3 $1 Re8 15. e4
Nf8 16. Nh4 Ne6 17. Qd2 $14 Qd8 {Ftacnik} (17... Nd4) (17... g6 18. f4 $36) (
17... Nd4 18. Bxd4 cxd4 19. Nf5 $16) 18. Bxe6 $2 (18. Rf1 $1 Bc8 19. Nf5 g6 20.
Nh6+ Kg7 21. f4 Nd4 22. Bxc8 Rxc8 23. Bxd4 exd4 24. f5 Ng8 25. Nxg8 Kxg8 26.
Rf2 $14) 18... fxe6 $10 {Illescas Cordoba,M-Karpov,An/Wijk aan Zee (m/1)/1993/
0.5 (41)}) 13... a6 {Ribli Natuerlich wiederholt der FIDE Weltmeister den
selben Fehler nicht. 13...e5? 14.Bh3 +/- waere noch schlimmer fuer Schwarz als
die Illescas Cordoba,M-Karpov,A Partie.} (13... cxb4 {Von Gleich} 14. axb4 a5
$5) 14. Qd2 Bc6 15. Rfe1 Qb7 16. d4 (16. e4 {Ftacnik} b5 $5) 16... Qb8 (16...
Ne4 $5) (16... cxd4 {Ribli} 17. Qxd4 $14 {>< d6}) 17. Bh3 {Droht 18.d5!} (17.
dxc5 {Ftacnik} bxc5 18. bxc5 Ne4) 17... Ne4 18. Qe3 (18. Qf4 {Ribli} d5 19.
Qxb8 Raxb8 20. cxd5 Bxd5 21. dxc5 bxc5 22. Ne5 Nef6 $10) 18... d5 (18... Qb7 {
Ftacnik} 19. dxc5 bxc5 20. Ng5 $40) 19. cxd5 Bxd5 20. dxc5 bxc5 21. Nd2 (21.
Ng5 $5 Nxg5 (21... Qb7 22. Nxe4 Bxe4 23. Qg5 g6 (23... Bg6 24. Bg2 $18) 24. Qh6
e5 25. Bxd7 Qxd7 26. Bxe5 f6 (26... f5 27. Red1 Qf7 28. bxc5 {mit materiellem
Vorteil für Weiß}) 27. Bxf6 cxb4 28. axb4 Rxc1 29. Rxc1 {und trotz der
ungleichfarbigen B besitzt Weiß gute Gewinnchancen.}) 22. Qxg5 f6 23. Qe3 Qb6 (
23... Qd6 24. Red1 cxb4 25. Rxd5 $1 Rxc1+ 26. Bxc1 exd5 (26... Qxd5 27. Bxe6+
$18) 27. Qe6+ Qxe6 28. Bxe6+ Kf8 29. Bxd7 b3 (29... Ke7 30. Bf5 g6 31. Bd3 a5
32. Bb2 Rb8 33. Kf1 b3 34. a4 Rc8 35. Ke1 f5 36. Kd2 Kd6 37. Bc3 {mit Chancen
auf Gewinn}) 30. Bf5 h6 31. Kf1 Rb8 32. Bb2 Ke7 33. Ke1 Kd6 34. Kd2 {und Weiß
behielt gute Gewinnperspektiven.}) 24. bxc5 Rxc5 25. Rxc5 Nxc5 26. Bd4 Qa5 (
26... Rc8 27. Rc1 $18) 27. Rc1 Ne4 28. Bxe6+ Bxe6 (28... Kh8 29. Bb6 Qb5 30. a4
$18) 29. Qxe4 Re8 30. Rc8 $3 Qe1+ 31. Kg2 Bh3+ (31... Rxc8 32. Qxe6+ $18) 32.
Kxh3 Qf1+ 33. Kg4 h5+ (33... f5+ 34. Kxf5 Qh3+ 35. g4 g6+ 36. Kg5 $18) 34. Kf4
g5+ 35. Kf5 Qh3+ 36. Kxf6 {und Weiß gewinnt.}) 21... Nd6 {Ftacnik Karpov is
very good in defence, exchange of knights would only enhance the efficiency of
the bishop pair.} (21... Nxd2 22. Qxd2 $14 {Ribli In der offenen Stellung hat
der Anziehende mit seinem aktiven Laeuferpaar sehr gute Angriffschance.}) 22.
Qc3 Ne8 {Der Einzige Zug. Nach} (22... f6 $2 {gewinnt Weiß Material:} 23. e4 $1
cxb4 24. Qxb4 Qxb4 25. axb4 Rxc1 26. Rxc1 Nxe4 27. Nxe4 Bxe4 28. Bxe6+ Kf8 29.
Bxd7 $18) 23. e4 Bb7 24. Nb3 (24. Bg2 $5 {Ftacnik}) 24... Ndf6 25. Bg2 (25.
Nxc5 {Ftacnik} Nxe4 26. Qe3 Nxc5 27. bxc5 (27. Rxc5 {Ribli} Rxc5 28. Qxc5 Qd8
$10) 27... Bd5 $13) 25... cxb4 26. Qxb4 Rxc1 27. Bxc1 (27. Rxc1 $6 {Ribli} Bxe4
$1 28. Bxe4 Qxb4 29. Bxh7+ Kxh7 30. axb4 Nd5 31. Ba3 Nd6 $15) 27... Bc6 28. Qc3
(28. Qxb8 {Ftacnik} Rxb8 29. Nc5 a5 $13) 28... Qc8 29. Bf4 Bb5 30. Qb2 (30.
Qxc8 $5 Rxc8 31. Rc1 {Von Gleich} Rxc1+ 32. Bxc1 $14 {Mit dem Läuferpaar im
Endspiel hat Weiß einen satten Vorteil - Lobron. Beide Spieler hatten so gut
wie keine Zeit übrig und mußten die letzten Züge herunterblitzen; dabei
verflüchtigte sich der Vorteil von Barejev. Ribli Weiss hat in diesem Endspiel
einen unbedeutenden Vorteil. Bareev will mehr.} (32. Nxc1 {Ribli})) 30... Qd8
31. Nc5 (31. Nd4 $14 {Ftacnik}) 31... Rc8 32. Qb4 Qb6 33. Rc1 {Droht /\ a4.}
Qa7 (33... Nd6 $2 {Ftacnik} 34. e5 a5 35. Qe1 Rxc5 36. exd6 $16) 34. h3 (34.
Be3 {Ftacnik} e5) 34... h6 35. Rc3 (35. Be3 $5 Qa8 (35... Nd7 $2 36. a4 Be2 37.
Nb3 Qb8 38. Qd2 Bc4 39. Na5 {und Schwarz hat Probleme}) 36. a4 Bc6 37. f3 Nd7
38. Nxd7 Bxd7 39. Rxc8 Qxc8 40. Bf1 Qc6 41. a5 Nd6 42. Qb6 Nb5 {und obwohl
Weiß aktiv steht, ein Gewinnweg ist nicht zu sehen.}) 35... Qa8 36. a4 Bc6 37.
Qb6 {Ftacnik Bareev fails to exert maximum pressure and his advantage finally
dissapears.} (37. Rd3 $1 {[%csl Yd7] Ftacnik} Rd8 38. Rxd8 Qxd8 39. Kh2 $14 (
39. Nxa6 Qd1+ 40. Kh2 Qe2)) (37. Qa5 {Ribli} Nd7 38. Nxa6 $2 (38. Nxd7 {
Ungefaehr wie die Partie.}) (38. Qxa6 $10 {Die Analyse findet man bei 38-sten
Zug in der Partie.}) 38... e5 $1 39. Be3 Nb8 40. Bf1 Nc7 $17 {Weiss kann die
Materialverlust nicht vermeiden.}) 37... Nd7 38. Nxd7 {Ein sicherer Weg zum
Remis wäre nach} (38. Qxa6 $1 Nxc5 39. Qxa8 Rxa8 $1 (39... Bxa8 40. Be3 Nf6 41.
Rxc5 Rxc5 42. Bxc5 Nxe4 43. Bb4 {und der freie Bauer auf der a-Linie gäbe dem
Anziehenden gute Perspektiven im enstandenden Endspiel}) 40. Rxc5 Bxa4 {
mit Ausgleich. Aber Bareev, der lange in der Partie aktiver stand, wollte sich
mit dieser Entscheidung nicht abfinden.}) 38... Bxd7 39. Rxc8 Qxc8 40. a5 $6 {
Optimistisch gespielt. Besser ist} (40. Bf1 Bxa4 41. Qxa6 {mit Remissausichten.
} (41. Bxa6 $10 {Ftacnik}) (41. Qxa6 {Ribli} Qxa6 42. Bxa6 $10)) 40... Bb5 41.
Bf1 $2 {Vielleicht schon der entscheidende positionelle Fehler. Weiss sollte
den weissfeldrigen Laufer behalten.} (41. Be5 $10) 41... Bxf1 42. Kxf1 {
Ftacnik White is suddenly on the defensive, N and Q are more efficient in the
attack than B and Q.} Qc4+ 43. Kg1 Nf6 {Schwarz ist in der Lage, seine Figuren
sehr gut zu postieren.} 44. f3 (44. e5 {Von Gleich} Nd5 45. Qb8+ Kh7 46. Qb1+
g6 47. Qb7 Kg7 48. Bxh6+ (48. Bd2) 48... Kxh6 49. Qxf7 Qc8) 44... Nh5 45. Bb8 {
Am einfachsten wäre} (45. Be5 {z.B.} f6 46. Bb2 $1 (46. Bd6 $2 e5 47. Kg2 (47.
Qf2 Nxg3 $1 48. Qxg3 Qd4+ 49. Kf1 Qxd6 {mit einem Mehrbauern}) 47... Qa2+ 48.
Qf2 Qxa5 {mit gewonnenem Endspiel für Schwarz.}) (46. Bb8 {Ftacnik} e5 47. Kg2
Qa2+ 48. Kg1 Nxg3 49. Qxa6 Ne2+ 50. Kf1 Nf4 $17) 46... e5 47. Kg2 Qd3 48. Qf2
Kf7 49. Bc1 {mit der Idee Bc1-e3-b6 und gleichem Endspiel.}) 45... Qc3 46. g4 (
46. Kg2 {Von Gleich}) (46. Qxa6 {Ftacnik} Qd4+ 47. Kf1 (47. Kh1 {Ribli} Qa1+
48. Kg2 Qb2+ $19) 47... Qa1+ 48. Kf2 Qb2+ 49. Qe2 Qxb8 $19) (46. Qd8+ {Ftacnik}
Kh7 47. Kf2 e5 $1 $17) 46... Nf6 47. Qd8+ (47. Kg2 {Von Gleich}) (47. Qxa6 {
Ribli} Qd4+ 48. Kf1 Qa1+ 49. Kf2 Qb2+ $19) 47... Kh7 48. Kg2 Qb2+ 49. Kg1 {
Verliert endgültig, aber der andere Königabzug hätte auf keinen Fall die
Partie retten können.} (49. Kg3 h5 $1 (49... Qe2 $17 {Ribli}) 50. g5 (50. gxh5
Nxh5+ 51. Kh4 Qg2 52. Qg5 Qf2+ 53. Kxh5 (53. Bg3 Nxg3 54. Qxg3 g5+ 55. Kg4 f5+
$19) 53... g6+ 54. Kg4 f5+ 55. Kf4 Qd2+ $19) 50... h4+ $1 51. Kxh4 Qf2+ 52. Bg3
Qxf3 $1 53. gxf6 Qxe4+ (53... g5+ {Von Gleich} 54. Kxg5 Qxg3+ 55. Kh5 Qxh3+ 56.
Kg5 Qg3+ 57. Kh5 Qe5+ 58. Kg4 Qxe4+ 59. Kg3 Qe5+ 60. Kf3 Qf5+ 61. Kg3 Kg6) 54.
Kg5 Qf5+ 55. Kh4 Kg6 $1 {und Schwarz setzt Matt!}) 49... Qe2 {Ribli Im
Mittelspiel stand Weiss ein bisschen besser, dann wollte er immer mehr und
mehr erreichen, aber Karpov verteidigte sich gut und Bareev brachte innerhalb
einiger Zuege zusammen.} 0-1

[Event "Madrid"]
[Site "Madrid"]
[Date "1993.??.??"]
[Round "3"]
[White "Kramnik, Vladimir"]
[Black "Salov, Valery"]
[Result "1-0"]
[WhiteElo "2685"]
[BlackElo "2660"]
[Annotator "Kramnik,V"]
[PlyCount "79"]
[EventDate "1993.06.??"]
[EventType "tourn"]
[EventRounds "9"]
[EventCountry "ESP"]
[EventCategory "14"]
[SourceTitle "CBM 036"]
[Source "ChessBase"]
[SourceDate "1993.10.01"]
[SourceVersion "1"]
[SourceVersionDate "1993.10.01"]
[SourceQuality "1"]

1. Nf3 {Ribli} Nf6 2. c4 e6 3. Nc3 Bb4 4. g3 O-O 5. Bg2 d5 6. a3 Be7 (6... Bxc3
7. dxc3 $14) (6... Bxc3 $5 {Ribli Gurevich,M-Makarov,M/Helsinki-op/1992/CBM32/}
) 7. d4 dxc4 (7... Nbd7 $5 {Ribli Adorjan,A-Schmittdiel,E/Polanica Zdroj/1991/
CBM26/}) 8. Ne5 (8. Qa4 {Ribli Zoltek,T-Nikolenko,O/Moscow-B/1991/EXP24/}) 8...
Nc6 $5 (8... c5 {Ribli Granda Zuniga,J-Illescas Cordoba,M/Barcelona/1990/CBM21/
}) 9. Bxc6 (9. Nxc6 $6 {Ribli} bxc6 10. Bxc6 Rb8 11. O-O Bb7 $13 {Andersson,
U-Benjamin,Joel/Szirak-izt/1987/CBM03/44,(15)/}) 9... bxc6 10. Nxc6 Qe8 11.
Nxe7+ Qxe7 12. Qa4 a5 $6 (12... c5 13. Qxc4 cxd4 14. Qxd4 e5 15. Qb4 $14) (
12... c5 $5 {Ribli}) (12... e5 $5 {Ribli}) 13. Bg5 Ba6 (13... h6 14. Bxf6 Qxf6
15. Qxc4 $14) (13... Rb8 14. Qxc4 Rxb2 15. Na4 Rb8 16. O-O $14) 14. O-O c5 $2 (
14... Rfb8 15. Rab1 Qd7 $1 16. Bxf6 Qxa4 17. Nxa4 gxf6 18. Rfd1 $14) (14... h6
{Ribli} 15. Bxf6 Qxf6 16. Rfd1 $14) 15. Bxf6 gxf6 (15... Qxf6 16. dxc5 $16) 16.
Rad1 $1 (16. d5 $6 exd5 17. Nxd5 Qxe2 18. Nxf6+ Kg7) 16... cxd4 (16... Rfb8 17.
d5 $1 exd5 18. Nxd5 Qxe2 19. Qc6 $16) (16... Rfd8 {Ribli} 17. d5 $16) 17. Rxd4
Qc5 (17... Rfd8 18. Rxd8+ Rxd8 19. Qc6 $16) 18. Rfd1 f5 19. Qc2 Qe5 20. Qd2
Rab8 21. Rd6 $1 (21. e4 Bb7 22. exf5 Qxf5 $132) 21... Bb7 22. Rb6 $1 Be4 (22...
Ba8 23. Rxb8 Rxb8 (23... Qxb8 24. Qg5+ Kh8 25. Qf6+ Kg8 26. h4) 24. Qg5+ Qg7
25. Rd8+ Rxd8 26. Qxd8+ Qf8 27. Qxa5 $18) 23. Rxb8 Rxb8 (23... Qxb8 24. Qg5+
Kh8 25. Qf6+ Kg8 26. h4) 24. Qg5+ Kh8 (24... Qg7 25. Nxe4 (25. Rd8+ {Ribli}
Rxd8 26. Qxd8+ Qf8 27. Qxa5 $18) 25... fxe4 26. Rd8+ Rxd8 27. Qxd8+ Qf8 28.
Qxa5 $18) 25. Qe7 Kg7 (25... Rxb2 $2 {Ribli} 26. Rd8+ Kg7 27. Qg5# $18) 26.
Qg5+ Kh8 27. Rd7 Rf8 (27... Qxc3 $2 28. Rd8+ $1 $18 (28. bxc3 $4 Rb1+)) (27...
Bc6 28. Rxf7 Qxc3 $2 29. Rf8+ $1 Rxf8 30. bxc3 $18) (27... Qg7 {Ribli} 28. Rd8+
Rxd8 29. Qxd8+ Qg8 30. Qxa5 $18) 28. Qe3 $1 Qb8 29. Qc5 (29. Nxe4 {Ribli} fxe4
30. Qxe4 Qxb2 31. Qxc4 Qxa3 $14) 29... Kg8 30. Nxe4 fxe4 31. Rd2 $1 Qa8 32.
Qg5+ (32. Qxc4 $2 Rc8 33. Qb5 Rc1+ 34. Kg2 e3+) 32... Kh8 33. Qf6+ Kg8 34. h4
$1 c3 35. bxc3 Qb7 36. h5 Qb1+ 37. Kg2 e3 38. Rd4 (38. Qg5+ Kh8 39. Qxe3 $18)
38... Qf5 39. Qxf5 exf5 40. Rd5 1-0